00463nam a22001577a 4500003000400000005001700004008004100021020001800062082001600080100002300096245008200119260005000201300001400251700002000265700002000285OSt20210707155806.0210707b ||||| |||| 00| 0 eng d a9788177583861 a338.5bP44M aPetersen, Craig H, aManagerial economicscby Craig H. Petersen, W. Chris Lewis and Sudhir K. Jain aNoidabPearson India Education Servicesc2018 bxv, 622p. aLewis, W. Chris aJain, Sudhir K.